Personnages Teen Wolf - Statistiques

Statistiques générales
  • Ce quiz a été pris 787 fois
  • Le résultat moyen est 32 sur 69
Statistiques - réponses
Personnages % Correct
1 Scott Mccal
100%
2 Stiles Stilinski
99%
4 Lydia Martin
98%
5 Allison Argent
97%
3 Derek hale
95%
6 Malia Tate/Hale
92%
7 Liam Dunbar
90%
9 Melissa Mccall
90%
12 Peter Hale
89%
11 Chris Argent
86%
8 Kira Yukimura
86%
19 Aiden Steiner
84%
20 Ethan Steiner
84%
16 Jackson Whittemore
84%
26 Kate Argent
82%
13 Théo Raeken
79%
21 Gerard Argent
77%
14 Isaac Lahey
75%
10 Sheriff Stilinski/ Noah
75%
15 Mason Hewitt
73%
33 Deucalion
71%
40 Cora Hale
67%
22 Alan Deaton
65%
25 Hayden Romero
65%
17 Jordan Parrish
65%
23 Corey Bryant
64%
18 Boyd Vernon
58%
32 Brett Talbot
54%
41 Danny Mahealani
46%
30 Jennifer Blake
46%
50 Talia Hale
45%
36 Victoria Argent
45%
27 Rafael Mccall
43%
39 Kali
42%
34 Meredith Walker
41%
42 Laura Hale
40%
24 Erika Reyes
39%
35 Nolan
36%
28 Braeden
34%
52 Ennis
33%
29 Tamora Monroe
31%
49 Nogitsune
27%
44 Tracy Stewart
27%
54 Ken Yukimura
25%
31 Natalie Martin
25%
67 Paige
25%
51 Claudia Stilinski
24%
45 Noshiko Yukimura
23%
37 Adrien Harris
22%
47 Donovan Donatti
22%
61 Lori Talbot
22%
63 Gabe
19%
53 Garett Douglas
19%
48 Josh Diaz
18%
68 Tara Raeken
18%
38 Louve du dessert
17%
62 Lorraine Martin
13%
56 Aaron
11%
69 M. Lahey
11%
66 Sebastien Vallet
9%
57 Brunski
8%
58 Gabriel Valak
8%
65 Marie Jeanne Vallet
7%
46 Anukite
6%
55 Le muet
5%
64 Elias Stilinski
4%
60 Le chimiste
4%
43 Médecin de l'horreur
4%
59 Phoebe
1%
Aucun quiz correspondant
Distribution des résultats
% des personnes avec chaque résultat
Percentile par nombre de réponses
Votre historique - résultats
Vous n’avez pas pris ce quiz